Food technology.

Bibliographic Details
Previous Title:Institute of Food Technologists. Proceedings
Institute of Food Technologists. News letters
Institute of Food Technologists. Transactions
Corporate Author: Institute of Food Technologists
Format: Journal
Language:English
Published: [Champaign, Ill.] : Institute of Food Technologists.
Subjects:
Online Availability: Check for online availability

MARC

Tag First Indicator Second Indicator Subfields
LEADER 00000cas a2200000 4500
001 in00000047472
005 20151007071515.0
008 750824c19479999ilumr1p 0uuua0eng
010 |a  56023547  
012 |a 3  |c x  |e s  |k 1  |l 1  |m 1 
022 |a 0015-6639 
030 |a FOTEAD 
035 |a (OCoLC)01569663 
035 |9 AAE6094AM 
040 |a MUL  |c MUL  |d FUL  |d NSD  |d DLC  |d NSD  |d DLC  |d TXA  |d UtOrBLW 
042 |a nsdp  |a lc 
049 |a TXAE 
050 0 0 |a TP370  |b .F63 
082 0 |a 664.05 
210 0 |a Food technol.  |b (Chicago) 
222 0 |a Food technology  |b (Chicago) 
245 0 0 |a Food technology. 
264 1 |a [Champaign, Ill.] :  |b Institute of Food Technologists. 
300 |a  volumes :  |b illustrations, diagrams ;  |c 29 cm.  |a monthly. 
336 |a text  |b txt  |2 rdacontent 
337 |a unmediated  |b n  |2 rdamedia 
338 |a volume  |b nc  |2 rdacarrier 
510 0 |a Chemical abstracts  |x 0009-2258 
510 0 |a Biological abstracts  |x 0006-3169 
510 0 |a Nuclear science abstracts  |x 0029-5612 
510 0 |a Selected water resources abstracts  |x 0037-136X 
510 0 |a Bibliography of agriculture  |x 0006-1530 
580 |a Began publication Jan. 1947 following the union of the institute's Proceedings, News letters and Transactions.  |z Cf. Union list of serials. 
650 0 |a Food industry and trade  |v Periodicals. 
710 2 |a Institute of Food Technologists. 
780 1 4 |a Institute of Food Technologists.  |t Proceedings 
780 1 4 |a Institute of Food Technologists.  |t News letters 
780 1 4 |a Institute of Food Technologists.  |t Transactions 
999 |a MARS 
999 f f |s 1e6a4f5d-0f01-3aff-a896-3b42a1851b0f  |i 0d18383e-ec86-36cd-8687-861d00943ac7  |t 0 
952 f f |a Texas A&M University  |b Rellis Campus  |c Joint Library Facility  |d Remote Storage  |e TP370 .F63  |h Library of Congress classification  |i unmediated -- volume  |k v.33:no.5-8  |l 1979:May-Aug.  |m A14817890497  |p ric  |s JLF  |t 0 
952 f f |a Texas A&M University  |b Rellis Campus  |c Joint Library Facility  |d Remote Storage  |e TP370 .F63  |h Library of Congress classification  |i unmediated -- volume  |k v.18:no.7-12  |l 1964:July-Dec.  |m A14812220095  |p ric  |s JLF  |t 0 
952 f f |a Texas A&M University  |b Rellis Campus  |c Joint Library Facility  |d Remote Storage  |e TP370 .F63  |h Library of Congress classification  |i unmediated -- volume  |k v.31:no.1-4  |l 1977:Jan.-Apr.  |m A14817890196  |p ric  |s JLF  |t 0 
952 f f |a Texas A&M University  |b Rellis Campus  |c Joint Library Facility  |d Remote Storage  |e TP370 .F63  |h Library of Congress classification  |i unmediated -- volume  |k v.49:no.4-6  |l 1995:Apr.-June  |m A14819290415  |p ric  |s JLF  |t 0 
952 f f |a Texas A&M University  |b Rellis Campus  |c Joint Library Facility  |d Remote Storage  |e TP370 .F63  |h Library of Congress classification  |i unmediated -- volume  |k v.32:no.1-4  |l 1978:Jan.-Apr.  |m A14817890293  |p ric  |s JLF  |t 0 
952 f f |a Texas A&M University  |b College Station  |c Sterling C. Evans Library  |d Evans: Library Stacks  |e TP370 .F63  |h Library of Congress classification  |i unmediated -- volume  |k v.65:no.1-3  |l 2011:Jan.-Mar.  |m A14841290019  |p serial  |s Evans stk  |t 0 
952 f f |a Texas A&M University  |b Rellis Campus  |c Joint Library Facility  |d Remote Storage  |e TP370 .F63  |h Library of Congress classification  |i unmediated -- volume  |k v.25:no.1-6  |l 1971:Jan.-June  |m A14817889284  |p ric  |s JLF  |t 0 
952 f f |a Texas A&M University  |b Rellis Campus  |c Joint Library Facility  |d Remote Storage  |e TP370 .F63  |h Library of Congress classification  |i unmediated -- volume  |k v.59:no.5-8  |l 2005:May-Aug.  |m A14833436156  |p ric  |s JLF  |t 0 
952 f f |a Texas A&M University  |b Rellis Campus  |c Joint Library Facility  |d Remote Storage  |e TP370 .F63  |h Library of Congress classification  |i unmediated -- volume  |k v.20:no.1-6  |l 1966:Jan.-June  |m A14817889179  |p ric  |s JLF  |t 0 
952 f f |a Texas A&M University  |b College Station  |c Sterling C. Evans Library  |d Evans: Library Stacks  |e TP370 .F63  |h Library of Congress classification  |i unmediated -- volume  |k v.61:no.4-6  |l 2007:Apr.-June  |m A14836457884  |p serial  |s Evans stk  |t 0 
952 f f |a Texas A&M University  |b Rellis Campus  |c Joint Library Facility  |d Remote Storage  |e TP370 .F63  |h Library of Congress classification  |i unmediated -- volume  |k v.60:no.9-10  |l 2006:Sept.-Oct.  |m A14835111998  |p ric  |s JLF  |t 0 
952 f f |a Texas A&M University  |b College Station  |c Sterling C. Evans Library  |d Evans: Library Stacks  |e TP370 .F63  |h Library of Congress classification  |i unmediated -- volume  |k v.69:no.1-3  |l 2015:Jan.-Mar.  |m A14850363848  |p serial  |s Evans stk  |t 0 
952 f f |a Texas A&M University  |b Rellis Campus  |c Joint Library Facility  |d Remote Storage  |e TP370 .F63  |h Library of Congress classification  |i unmediated -- volume  |k v.36:no.9-12  |l 1982:Sept.-Dec.  |m A14817889307  |p ric  |s JLF  |t 0 
952 f f |a Texas A&M University  |b College Station  |c Sterling C. Evans Library  |d Evans: Library Stacks  |e TP370 .F63  |h Library of Congress classification  |i unmediated -- volume  |k v.69:no.10-12  |l 2015:Oct.-Dec.  |m A14850363871  |p serial  |s Evans stk  |t 0 
952 f f |a Texas A&M University  |b Rellis Campus  |c Joint Library Facility  |d Remote Storage  |e TP370 .F63  |h Library of Congress classification  |i unmediated -- volume  |k v.58:no.5-8  |l 2004:May-Aug.  |m A14831478233  |p ric  |s JLF  |t 0 
952 f f |a Texas A&M University  |b Rellis Campus  |c Joint Library Facility  |d Remote Storage  |e TP370 .F63  |h Library of Congress classification  |i unmediated -- volume  |k v.11  |l 1957  |m A14817889357  |p ric  |s JLF  |t 0 
952 f f |a Texas A&M University  |b Rellis Campus  |c Joint Library Facility  |d Remote Storage  |e TP370 .F63  |h Library of Congress classification  |i unmediated -- volume  |k v.44:no.10-12  |l 1990:Oct.-Dec.  |m A14814356410  |p ric  |s JLF  |t 0 
952 f f |a Texas A&M University  |b Rellis Campus  |c Joint Library Facility  |d Remote Storage  |e TP370 .F63  |h Library of Congress classification  |i unmediated -- volume  |k v.50:no.1-3  |l 1996:Jan.-Mar.  |m A14820001447  |p ric  |s JLF  |t 0 
952 f f |a Texas A&M University  |b College Station  |c Sterling C. Evans Library  |d Evans: Library Stacks  |e TP370 .F63  |h Library of Congress classification  |i unmediated -- volume  |k v.68:no.10-12  |l 2014:Oct.-Dec.  |m A14850363830  |p serial  |s Evans stk  |t 0 
952 f f |a Texas A&M University  |b Rellis Campus  |c Joint Library Facility  |d Remote Storage  |e TP370 .F63  |h Library of Congress classification  |i unmediated -- volume  |k v.48:no.7-9  |l 1994:July-Sept.  |m A14818811064  |p ric  |s JLF  |t 0 
952 f f |a Texas A&M University  |b Rellis Campus  |c Joint Library Facility  |d Remote Storage  |e TP370 .F63  |h Library of Congress classification  |i unmediated -- volume  |k v.42:no.7-9  |l 1988:July-Sept.  |m A14811721470  |p ric  |s JLF  |t 0 
952 f f |a Texas A&M University  |b College Station  |c Sterling C. Evans Library  |d Evans: Library Stacks  |e TP370 .F63  |h Library of Congress classification  |i unmediated -- volume  |k v.68:no.4-6  |l 2014:Apr.-June  |m A14850363814  |p serial  |s Evans stk  |t 0 
952 f f |a Texas A&M University  |b Rellis Campus  |c Joint Library Facility  |d Remote Storage  |e TP370 .F63  |h Library of Congress classification  |i unmediated -- volume  |k v.47:no.10-12  |l 1993:Oct.-Dec.  |m A14817916683  |p ric  |s JLF  |t 0 
952 f f |a Texas A&M University  |b Rellis Campus  |c Joint Library Facility  |d Remote Storage  |e TP370 .F63  |h Library of Congress classification  |i unmediated -- volume  |k v.45:no.7-9  |l 1991:July-Sept.  |m A14815293592  |p ric  |s JLF  |t 0 
952 f f |a Texas A&M University  |b Rellis Campus  |c Joint Library Facility  |d Remote Storage  |e TP370 .F63  |h Library of Congress classification  |i unmediated -- volume  |k v.54:no.7-9  |l 2000:July-Sept.  |m A14827279300  |p ric  |s JLF  |t 0 
952 f f |a Texas A&M University  |b Rellis Campus  |c Joint Library Facility  |d Remote Storage  |e TP370 .F63  |h Library of Congress classification  |i unmediated -- volume  |k v.9  |l 1955  |m A14817890112  |p ric  |s JLF  |t 0 
952 f f |a Texas A&M University  |b Rellis Campus  |c Joint Library Facility  |d Remote Storage  |e TP370 .F63  |h Library of Congress classification  |i unmediated -- volume  |k v.19:no.1-6  |l 1965:Jan.-June  |m A14813893710  |p ric  |s JLF  |t 0 
952 f f |a Texas A&M University  |b Rellis Campus  |c Joint Library Facility  |d Remote Storage  |e TP370 .F63  |h Library of Congress classification  |i unmediated -- volume  |k v.49:no.10-12  |l 1995:Oct.-Dec.  |m A14819579699  |p ric  |s JLF  |t 0 
952 f f |a Texas A&M University  |b Rellis Campus  |c Joint Library Facility  |d Remote Storage  |e TP370 .F63  |h Library of Congress classification  |i unmediated -- volume  |k v.24:no.1-4  |l 1970:Jan.-Apr.  |m A14816034111  |p ric  |s JLF  |t 0 
952 f f |a Texas A&M University  |b Rellis Campus  |c Joint Library Facility  |d Remote Storage  |e TP370 .F63  |h Library of Congress classification  |i unmediated -- volume  |k v.7  |l 1953  |m A14817891003  |p ric  |s JLF  |t 0 
952 f f |a Texas A&M University  |b College Station  |c Sterling C. Evans Library  |d Evans: Library Stacks  |e TP370 .F63  |h Library of Congress classification  |i unmediated -- volume  |k v.62:no.1-3  |l 2008:Jan.-Mar.  |m A14837292627  |p serial  |s Evans stk  |t 0 
952 f f |a Texas A&M University  |b Rellis Campus  |c Joint Library Facility  |d Remote Storage  |e TP370 .F63  |h Library of Congress classification  |i unmediated -- volume  |k v.24:no.9-12  |l 1970:Sept.-Dec.  |m A14817889276  |p ric  |s JLF  |t 0 
952 f f |a Texas A&M University  |b Rellis Campus  |c Joint Library Facility  |d Remote Storage  |e TP370 .F63  |h Library of Congress classification  |i unmediated -- volume  |k v.27:no.9-12  |l 1973:Sept.-Dec.  |m A14817890316  |p ric  |s JLF  |t 0 
952 f f |a Texas A&M University  |b Rellis Campus  |c Joint Library Facility  |d Remote Storage  |e TP370 .F63  |h Library of Congress classification  |i unmediated -- volume  |k v.34:no.5-8  |l 1980:May-Aug.  |m A14817890641  |p ric  |s JLF  |t 0 
952 f f |a Texas A&M University  |b College Station  |c Sterling C. Evans Library  |d Evans: Library Stacks  |e TP370 .F63  |h Library of Congress classification  |i unmediated -- volume  |k v.66:no.10-12  |l 2012:Oct.-Dec.  |m A14841639629  |p serial  |s Evans stk  |t 0 
952 f f |a Texas A&M University  |b Rellis Campus  |c Joint Library Facility  |d Remote Storage  |e TP370 .F63  |h Library of Congress classification  |i unmediated -- volume  |k v.27:no.5-8  |l 1973:May-Aug.  |m A14817890390  |p ric  |s JLF  |t 0 
952 f f |a Texas A&M University  |b Rellis Campus  |c Joint Library Facility  |d Remote Storage  |e TP370 .F63  |h Library of Congress classification  |i unmediated -- volume  |k v.47:no.5-6  |l 1993:May-June  |m A14817916706  |p ric  |s JLF  |t 0 
952 f f |a Texas A&M University  |b Rellis Campus  |c Joint Library Facility  |d Remote Storage  |e TP370 .F63  |h Library of Congress classification  |i unmediated -- volume  |k v.55:no.10-12  |l 2001:Oct.-Dec.  |m A14828587340  |p ric  |s JLF  |t 0 
952 f f |a Texas A&M University  |b Rellis Campus  |c Joint Library Facility  |d Remote Storage  |e TP370 .F63  |h Library of Congress classification  |i unmediated -- volume  |k v.46:no.4-6  |l 1992:Apr.-June  |m A14816079501  |p ric  |s JLF  |t 0 
952 f f |a Texas A&M University  |b Rellis Campus  |c Joint Library Facility  |d Remote Storage  |e TP370 .F63  |h Library of Congress classification  |i unmediated -- volume  |k v.54:no.10-12  |l 2000:Oct.-Dec.  |m A14827351649  |p ric  |s JLF  |t 0 
952 f f |a Texas A&M University  |b Rellis Campus  |c Joint Library Facility  |d Remote Storage  |e TP370 .F63  |h Library of Congress classification  |i unmediated -- volume  |k v.57:no.4-6  |l 2003:Apr.-June  |m A14830935313  |p ric  |s JLF  |t 0 
952 f f |a Texas A&M University  |b Rellis Campus  |c Joint Library Facility  |d Remote Storage  |e TP370 .F63  |h Library of Congress classification  |i unmediated -- volume  |k v.27:no.1-4  |l 1973:Jan.-Apr.  |m A14817889226  |p ric  |s JLF  |t 0 
952 f f |a Texas A&M University  |b Rellis Campus  |c Joint Library Facility  |d Remote Storage  |e TP370 .F63  |h Library of Congress classification  |i unmediated -- volume  |k v.38:no.1-4  |l 1984:Jan.-Apr.  |m A14817889331  |p ric  |s JLF  |t 0 
952 f f |a Texas A&M University  |b College Station  |c Sterling C. Evans Library  |d Evans: Library Stacks  |e TP370 .F63  |h Library of Congress classification  |i unmediated -- volume  |k v.70:no.1-3  |l 2016:Jan.-Mar.  |m A14850363889  |p serial  |s Evans stk  |t 0 
952 f f |a Texas A&M University  |b Rellis Campus  |c Joint Library Facility  |d Remote Storage  |e TP370 .F63  |h Library of Congress classification  |i unmediated -- volume  |k v.43:no.1-3  |l 1989:Jan.-Mar.  |m A14812016022  |p ric  |s JLF  |t 0 
952 f f |a Texas A&M University  |b Rellis Campus  |c Joint Library Facility  |d Remote Storage  |e TP370 .F63  |h Library of Congress classification  |i unmediated -- volume  |k v.12:no.1-4  |l 1958:Jan.-Apr.  |m A14817889365  |p ric  |s JLF  |t 0 
952 f f |a Texas A&M University  |b Rellis Campus  |c Joint Library Facility  |d Remote Storage  |e TP370 .F63  |h Library of Congress classification  |i unmediated -- volume  |k v.28:no.4,6-8  |l 1974:Apr.,June-Aug.  |m A14817890366  |p ric  |s JLF  |t 0 
952 f f |a Texas A&M University  |b Rellis Campus  |c Joint Library Facility  |d Remote Storage  |e TP370 .F63  |h Library of Congress classification  |i unmediated -- volume  |k v.31:no.5-6  |l 1977:May-June  |m A14816896880  |p ric  |s JLF  |t 0 
952 f f |a Texas A&M University  |b College Station  |c Sterling C. Evans Library  |d Evans: Library Stacks  |e TP370 .F63  |h Library of Congress classification  |i unmediated -- volume  |k v.63:no.10-12  |l 2009:Oct.-Dec.  |m A14839106822  |p serial  |s Evans stk  |t 0 
952 f f |a Texas A&M University  |b Rellis Campus  |c Joint Library Facility  |d Remote Storage  |e TP370 .F63  |h Library of Congress classification  |i unmediated -- volume  |k v.15  |l 1961  |m A14817889420  |p ric  |s JLF  |t 0 
952 f f |a Texas A&M University  |b Rellis Campus  |c Joint Library Facility  |d Remote Storage  |e TP370 .F63  |h Library of Congress classification  |i unmediated -- volume  |k v.43:no.6-8  |l 1989:June-Aug.  |m A14812016129  |p ric  |s JLF  |t 0 
952 f f |a Texas A&M University  |b Rellis Campus  |c Joint Library Facility  |d Remote Storage  |e TP370 .F63  |h Library of Congress classification  |i unmediated -- volume  |k v.38:no.5-8  |l 1984:May-Aug.  |m A14817889250  |p ric  |s JLF  |t 0 
952 f f |a Texas A&M University  |b Rellis Campus  |c Joint Library Facility  |d Remote Storage  |e TP370 .F63  |h Library of Congress classification  |i unmediated -- volume  |k v.41:no.5-8  |l 1987:May-Aug.  |m A14811434463  |p ric  |s JLF  |t 0 
952 f f |a Texas A&M University  |b College Station  |c Sterling C. Evans Library  |d Evans: Library Stacks  |e TP370 .F63  |h Library of Congress classification  |i unmediated -- volume  |k v.62:no.4-6  |l 2008:Apr.-June  |m A14837292596  |p serial  |s Evans stk  |t 0 
952 f f |a Texas A&M University  |b Rellis Campus  |c Joint Library Facility  |d Remote Storage  |e TP370 .F63  |h Library of Congress classification  |i unmediated -- volume  |k v.33:no.9-12  |l 1979:Sept.-Dec.  |m A14817890544  |p ric  |s JLF  |t 0 
952 f f |a Texas A&M University  |b Rellis Campus  |c Joint Library Facility  |d Remote Storage  |e TP370 .F63  |h Library of Congress classification  |i unmediated -- volume  |k v.43:no.9-10  |l 1989:Sept.-Oct.  |m A14812016179  |p ric  |s JLF  |t 0 
952 f f |a Texas A&M University  |b Rellis Campus  |c Joint Library Facility  |d Remote Storage  |e TP370 .F63  |h Library of Congress classification  |i unmediated -- volume  |k v.55:no.4-6  |l 2001:Apr.-June  |m A14828587382  |p ric  |s JLF  |t 0 
952 f f |a Texas A&M University  |b Rellis Campus  |c Joint Library Facility  |d Remote Storage  |e TP370 .F63  |h Library of Congress classification  |i unmediated -- volume  |k v.48:no.10-12  |l 1994:Oct.-Dec.  |m A14819038732  |p ric  |s JLF  |t 0 
952 f f |a Texas A&M University  |b Rellis Campus  |c Joint Library Facility  |d Remote Storage  |e TP370 .F63  |h Library of Congress classification  |i unmediated -- volume  |k v.60:no.12  |l 2006:Dec.  |m A14835112033  |p ric  |s JLF  |t 0 
952 f f |a Texas A&M University  |b Rellis Campus  |c Joint Library Facility  |d Remote Storage  |e TP370 .F63  |h Library of Congress classification  |i unmediated -- volume  |k v.52:no.7-9  |l 1998:July-Sept.  |m A14824009227  |p ric  |s JLF  |t 0 
952 f f |a Texas A&M University  |b Rellis Campus  |c Joint Library Facility  |d Remote Storage  |e TP370 .F63  |h Library of Congress classification  |i unmediated -- volume  |k v.21:no.7-12  |l 1967:July-Dec.  |m A14817889103  |p ric  |s JLF  |t 0 
952 f f |a Texas A&M University  |b College Station  |c Sterling C. Evans Library  |d Evans: Library Stacks  |e TP370 .F63  |h Library of Congress classification  |i unmediated -- volume  |k v.63:no.7-9  |l 2009:July-Aug.  |m A14839106830  |p serial  |s Evans stk  |t 0 
952 f f |a Texas A&M University  |b Rellis Campus  |c Joint Library Facility  |d Remote Storage  |e TP370 .F63  |h Library of Congress classification  |i unmediated -- volume  |k v.2  |l 1948  |m A14817889543  |p ric  |s JLF  |t 0 
952 f f |a Texas A&M University  |b Rellis Campus  |c Joint Library Facility  |d Remote Storage  |e TP370 .F63  |h Library of Congress classification  |i unmediated -- volume  |k v.26:no.9-12  |l 1972:Sept.-Dec.  |m A14817889234  |p ric  |s JLF  |t 0 
952 f f |a Texas A&M University  |b Rellis Campus  |c Joint Library Facility  |d Remote Storage  |e TP370 .F63  |h Library of Congress classification  |i unmediated -- volume  |k v.48:no.1-3  |l 1994:Jan.-Mar.  |m A14818393066  |p ric  |s JLF  |t 0 
952 f f |a Texas A&M University  |b Rellis Campus  |c Joint Library Facility  |d Remote Storage  |e TP370 .F63  |h Library of Congress classification  |i unmediated -- volume  |k v.51:no.10-12  |l 1997:Oct.-Dec.  |m A14822413381  |p ric  |s JLF  |t 0 
952 f f |a Texas A&M University  |b Rellis Campus  |c Joint Library Facility  |d Remote Storage  |e TP370 .F63  |h Library of Congress classification  |i unmediated -- volume  |k v.40:no.9-12  |l 1986:Sept.-Dec.  |m A14815586034  |p ric  |s JLF  |t 0 
952 f f |a Texas A&M University  |b Rellis Campus  |c Joint Library Facility  |d Remote Storage  |e TP370 .F63  |h Library of Congress classification  |i unmediated -- volume  |k v.12:no.9-12  |l 1958:Sept.-Dec.  |m A14817890269  |p ric  |s JLF  |t 0 
952 f f |a Texas A&M University  |b College Station  |c Sterling C. Evans Library  |d Evans: Library Stacks  |e TP370 .F63  |h Library of Congress classification  |i unmediated -- volume  |k v.66:no.7-9  |l 2012:July-Sept.  |m A14841639661  |p serial  |s Evans stk  |t 0 
952 f f |a Texas A&M University  |b College Station  |c Sterling C. Evans Library  |d Evans: Library Stacks  |e TP370 .F63  |h Library of Congress classification  |i unmediated -- volume  |k v.69:no.4-6  |l 2015:Apr.-June  |m A14850363855  |p serial  |s Evans stk  |t 0 
952 f f |a Texas A&M University  |b Rellis Campus  |c Joint Library Facility  |d Remote Storage  |e TP370 .F63  |h Library of Congress classification  |i unmediated -- volume  |k v.36:no.1-4  |l 1982:Jan.-Apr.  |m A14817889399  |p ric  |s JLF  |t 0 
952 f f |a Texas A&M University  |b Rellis Campus  |c Joint Library Facility  |d Remote Storage  |e TP370 .F63  |h Library of Congress classification  |i unmediated -- volume  |k v.49:no.1-3  |l 1995:Jan.-Mar.  |m A14819290211  |p ric  |s JLF  |t 0 
952 f f |a Texas A&M University  |b Rellis Campus  |c Joint Library Facility  |d Remote Storage  |e TP370 .F63  |h Library of Congress classification  |i unmediated -- volume  |k v.12:no.5-8  |l 1958:May-Aug.  |m A14817889690  |p ric  |s JLF  |t 0 
952 f f |a Texas A&M University  |b College Station  |c Sterling C. Evans Library  |d Evans: Library Stacks  |e TP370 .F63  |h Library of Congress classification  |i unmediated -- volume  |k v.69:no.7-9  |l 2015:July-Sept.  |m A14850363863  |p serial  |s Evans stk  |t 0 
952 f f |a Texas A&M University  |b Rellis Campus  |c Joint Library Facility  |d Remote Storage  |e TP370 .F63  |h Library of Congress classification  |i unmediated -- volume  |k v.16  |l 1962  |m A14813892722  |p ric  |s JLF  |t 0 
952 f f |a Texas A&M University  |b Rellis Campus  |c Joint Library Facility  |d Remote Storage  |e TP370 .F63  |h Library of Congress classification  |i unmediated -- volume  |k v.53:no.10-12  |l 1999:Oct.-Dec.  |m A14826414313  |p ric  |s JLF  |t 0 
952 f f |a Texas A&M University  |b Rellis Campus  |c Joint Library Facility  |d Remote Storage  |e TP370 .F63  |h Library of Congress classification  |i unmediated -- volume  |k v.56:no.4-6  |l 2002:Apr.-June  |m A14829296659  |p ric  |s JLF  |t 0 
952 f f |a Texas A&M University  |b Rellis Campus  |c Joint Library Facility  |d Remote Storage  |e TP370 .F63  |h Library of Congress classification  |i unmediated -- volume  |k v.23:no.1-6  |l 1969:Jan.-June  |m A14817889129  |p ric  |s JLF  |t 0 
952 f f |a Texas A&M University  |b Rellis Campus  |c Joint Library Facility  |d Remote Storage  |e TP370 .F63  |h Library of Congress classification  |i unmediated -- volume  |k v.10  |l 1956  |m A14817890219  |p ric  |s JLF  |t 0 
952 f f |a Texas A&M University  |b Rellis Campus  |c Joint Library Facility  |d Remote Storage  |e TP370 .F63  |h Library of Congress classification  |i unmediated -- volume  |k v.44:no.5-6  |l 1990:May-June  |m A14814356313  |p ric  |s JLF  |t 0 
952 f f |a Texas A&M University  |b Rellis Campus  |c Joint Library Facility  |d Remote Storage  |e TP370 .F63  |h Library of Congress classification  |i unmediated -- volume  |k v.50:no.4-6  |l 1996:Apr.-June  |m A14820545815  |p ric  |s JLF  |t 0 
952 f f |a Texas A&M University  |b College Station  |c Sterling C. Evans Library  |d Evans: Library Stacks  |e TP370 .F63  |h Library of Congress classification  |i unmediated -- volume  |k v.4  |l 1950  |m A14817889488  |p serial  |s Evans stk  |t 0 
952 f f |a Texas A&M University  |b Rellis Campus  |c Joint Library Facility  |d Remote Storage  |e TP370 .F63  |h Library of Congress classification  |i unmediated -- volume  |k v.23:no.7-12  |l 1969:July-Dec.  |m A14817889111  |p ric  |s JLF  |t 0 
952 f f |a Texas A&M University  |b Rellis Campus  |c Joint Library Facility  |d Remote Storage  |e TP370 .F63  |h Library of Congress classification  |i unmediated -- volume  |k v.55:no.1-3  |l 2001:Jan.-Mar.  |m A14827351681  |p ric  |s JLF  |t 0 
952 f f |a Texas A&M University  |b Rellis Campus  |c Joint Library Facility  |d Remote Storage  |e TP370 .F63  |h Library of Congress classification  |i unmediated -- volume  |k v.50:no.7-9  |l 1996:July-Sept.  |m A14820545865  |p ric  |s JLF  |t 0 
952 f f |a Texas A&M University  |b Rellis Campus  |c Joint Library Facility  |d Remote Storage  |e TP370 .F63  |h Library of Congress classification  |i unmediated -- volume  |k v.29:no.1-4  |l 1975:Jan.-Apr.  |m A14817890463  |p ric  |s JLF  |t 0 
952 f f |a Texas A&M University  |b College Station  |c Sterling C. Evans Library  |d Evans: Library Stacks  |e TP370 .F63  |h Library of Congress classification  |i unmediated -- volume  |k v.65:no.7-9  |l 2011:July-Sept.  |m A14841289995  |p serial  |s Evans stk  |t 0 
952 f f |a Texas A&M University  |b Rellis Campus  |c Joint Library Facility  |d Remote Storage  |e TP370 .F63  |h Library of Congress classification  |i unmediated -- volume  |k v.48:no.4-6  |l 1994:Apr.-June  |m A14818393074  |p ric  |s JLF  |t 0 
952 f f |a Texas A&M University  |b Rellis Campus  |c Joint Library Facility  |d Remote Storage  |e TP370 .F63  |h Library of Congress classification  |i unmediated -- volume  |k v.60:no.7-8  |l 2006:July-Aug.  |m A14834665554  |p ric  |s JLF  |t 0 
952 f f |a Texas A&M University  |b Rellis Campus  |c Joint Library Facility  |d Remote Storage  |e TP370 .F63  |h Library of Congress classification  |i unmediated -- volume  |k v.24:no.5-8  |l 1970:May-Aug.  |m A14817889446  |p ric  |s JLF  |t 0 
952 f f |a Texas A&M University  |b Rellis Campus  |c Joint Library Facility  |d Remote Storage  |e TP370 .F63  |h Library of Congress classification  |i unmediated -- volume  |k v.28:no.9-12  |l 1974:Sept.-Dec.  |m A14817890413  |p ric  |s JLF  |t 0 
952 f f |a Texas A&M University  |b Rellis Campus  |c Joint Library Facility  |d Remote Storage  |e TP370 .F63  |h Library of Congress classification  |i unmediated -- volume  |k v.36:no.5-8  |l 1982:May-Aug.  |m A14817889381  |p ric  |s JLF  |t 0 
952 f f |a Texas A&M University  |b College Station  |c Sterling C. Evans Library  |d Evans: Library Stacks  |e TP370 .F63  |h Library of Congress classification  |i unmediated -- volume  |k v.65:no.4-6  |l 2011:Apr.-June  |m A14841290001  |p serial  |s Evans stk  |t 0 
952 f f |a Texas A&M University  |b Rellis Campus  |c Joint Library Facility  |d Remote Storage  |e TP370 .F63  |h Library of Congress classification  |i unmediated -- volume  |k v.26:no.5-8  |l 1972:May-Aug.  |m A14817890227  |p ric  |s JLF  |t 0 
952 f f |a Texas A&M University  |b Rellis Campus  |c Joint Library Facility  |d Remote Storage  |e TP370 .F63  |h Library of Congress classification  |i unmediated -- volume  |k v.14:no.1-6  |l 1960:Jan.-June  |m A14817889404  |p ric  |s JLF  |t 0 
952 f f |a Texas A&M University  |b Rellis Campus  |c Joint Library Facility  |d Remote Storage  |e TP370 .F63  |h Library of Congress classification  |i unmediated -- volume  |k v.59:no.9-12  |l 2005:Sept.-Dec.  |m A14834474068  |p ric  |s JLF  |t 0 
952 f f |a Texas A&M University  |b Rellis Campus  |c Joint Library Facility  |d Remote Storage  |e TP370 .F63  |h Library of Congress classification  |i unmediated -- volume  |k v.43:no.11-12  |l 1989:Nov.-Dec.  |m A14812077167  |p ric  |s JLF  |t 0 
952 f f |a Texas A&M University  |b Rellis Campus  |c Joint Library Facility  |d Remote Storage  |e TP370 .F63  |h Library of Congress classification  |i unmediated -- volume  |k v.54:no.1-3  |l 2000:Jan.-Mar.  |m A14826414965  |p ric  |s JLF  |t 0 
952 f f |a Texas A&M University  |b Rellis Campus  |c Joint Library Facility  |d Remote Storage  |e TP370 .F63  |h Library of Congress classification  |i unmediated -- volume  |k v.17  |l 1963  |m A14817889242  |p ric  |s JLF  |t 0 
952 f f |a Texas A&M University  |b Rellis Campus  |c Joint Library Facility  |d Remote Storage  |e TP370 .F63  |h Library of Congress classification  |i unmediated -- volume  |k v.51:no.7-9  |l 1997:July-Sept.  |m A14822124453  |p ric  |s JLF  |t 0 
952 f f |a Texas A&M University  |b Rellis Campus  |c Joint Library Facility  |d Remote Storage  |e TP370 .F63  |h Library of Congress classification  |i unmediated -- volume  |k v.47:no.1-4  |l 1993:Jan.-Apr.  |m A14817918449  |p ric  |s JLF  |t 0 
952 f f |a Texas A&M University  |b Rellis Campus  |c Joint Library Facility  |d Remote Storage  |e TP370 .F63  |h Library of Congress classification  |i unmediated -- volume  |k v.56:no.7-9  |l 2002:July-Sept.  |m A14829664111  |p ric  |s JLF  |t 0 
952 f f |a Texas A&M University  |b Rellis Campus  |c Joint Library Facility  |d Remote Storage  |e TP370 .F63  |h Library of Congress classification  |i unmediated -- volume  |k v.57:no.7-9  |l 2003:July-Sept.  |m A14830935397  |p ric  |s JLF  |t 0 
952 f f |a Texas A&M University  |b Rellis Campus  |c Joint Library Facility  |d Remote Storage  |e TP370 .F63  |h Library of Congress classification  |i unmediated -- volume  |k v.34:no.1-4  |l 1980:Jan.-Apr.  |m A14817890594  |p ric  |s JLF  |t 0 
952 f f |a Texas A&M University  |b College Station  |c Sterling C. Evans Library  |d Evans: Library Stacks  |e TP370 .F63  |h Library of Congress classification  |i unmediated -- volume  |k v.64:no.4-6  |l 2010:Apr.-June  |m A14841290043  |p serial  |s Evans stk  |t 0 
952 f f |a Texas A&M University  |b Rellis Campus  |c Joint Library Facility  |d Remote Storage  |e TP370 .F63  |h Library of Congress classification  |i unmediated -- volume  |k v.35:no.9-12  |l 1981:Sept.-Dec.  |m A14813058255  |p ric  |s JLF  |t 0 
952 f f |a Texas A&M University  |b Rellis Campus  |c Joint Library Facility  |d Remote Storage  |e TP370 .F63  |h Library of Congress classification  |i unmediated -- volume  |k v.37:no.1-4  |l 1983:Jan.-Apr.  |m A14817889323  |p ric  |s JLF  |t 0 
952 f f |a Texas A&M University  |b Rellis Campus  |c Joint Library Facility  |d Remote Storage  |e TP370 .F63  |h Library of Congress classification  |i unmediated -- volume  |k v.40:no.5-8  |l 1986:May-Aug.  |m A14816947615  |p ric  |s JLF  |t 0 
952 f f |a Texas A&M University  |b Rellis Campus  |c Joint Library Facility  |d Remote Storage  |e TP370 .F63  |h Library of Congress classification  |i unmediated -- volume  |k v.43:no.4-5  |l 1989:Apr.-May  |m A14812016072  |p ric  |s JLF  |t 0 
952 f f |a Texas A&M University  |b Rellis Campus  |c Joint Library Facility  |d Remote Storage  |e TP370 .F63  |h Library of Congress classification  |i unmediated -- volume  |k v.53:no.1-3  |l 1999:Jan.-Mar.  |m A14824932747  |p ric  |s JLF  |t 0 
952 f f |a Texas A&M University  |b Rellis Campus  |c Joint Library Facility  |d Remote Storage  |e TP370 .F63  |h Library of Congress classification  |i unmediated -- volume  |k v.8  |l 1954  |m A14817890162  |p ric  |s JLF  |t 0 
952 f f |a Texas A&M University  |b Rellis Campus  |c Joint Library Facility  |d Remote Storage  |e TP370 .F63  |h Library of Congress classification  |i unmediated -- volume  |k v.58:no.9-12  |l 2004:Sept.-Dec.  |m A14833691706  |p ric  |s JLF  |t 0 
952 f f |a Texas A&M University  |b Rellis Campus  |c Joint Library Facility  |d Remote Storage  |e TP370 .F63  |h Library of Congress classification  |i unmediated -- volume  |k v.60:no.1-4  |l 2006:Jan.-Apr.  |m A14834474026  |p ric  |s JLF  |t 0 
952 f f |a Texas A&M University  |b Rellis Campus  |c Joint Library Facility  |d Remote Storage  |e TP370 .F63  |h Library of Congress classification  |i unmediated -- volume  |k v.38:no.9-12  |l 1984:Sept.-Dec.  |m A14813827230  |p ric  |s JLF  |t 0 
952 f f |a Texas A&M University  |b Rellis Campus  |c Joint Library Facility  |d Remote Storage  |e TP370 .F63  |h Library of Congress classification  |i unmediated -- volume  |k v.19:no.7-12  |l 1965:July-Dec.  |m A14817889161  |p ric  |s JLF  |t 0 
952 f f |a Texas A&M University  |b Rellis Campus  |c Joint Library Facility  |d Remote Storage  |e TP370 .F63  |h Library of Congress classification  |i unmediated -- volume  |k v.33:no.1-4  |l 1979:Jan.-Apr.  |m A14817890447  |p ric  |s JLF  |t 0 
952 f f |a Texas A&M University  |b Rellis Campus  |c Joint Library Facility  |d Remote Storage  |e TP370 .F63  |h Library of Congress classification  |i unmediated -- volume  |k v.25:no.7-12  |l 1971:July-Dec.  |m A14817889292  |p ric  |s JLF  |t 0 
952 f f |a Texas A&M University  |b College Station  |c Sterling C. Evans Library  |d Evans: Library Stacks  |e TP370 .F63  |h Library of Congress classification  |i unmediated -- volume  |k v.61:no.7-9  |l 2007:July-Sept.  |m A14836457923  |p serial  |s Evans stk  |t 0 
952 f f |a Texas A&M University  |b Rellis Campus  |c Joint Library Facility  |d Remote Storage  |e TP370 .F63  |h Library of Congress classification  |i unmediated -- volume  |k v.41:no.9-12  |l 1987:Sept.-Dec.  |m A14811434510  |p ric  |s JLF  |t 0 
952 f f |a Texas A&M University  |b Rellis Campus  |c Joint Library Facility  |d Remote Storage  |e TP370 .F63  |h Library of Congress classification  |i unmediated -- volume  |k v.51:no.4-6  |l 1997:Apr.-June  |m A14821221480  |p ric  |s JLF  |t 0 
952 f f |a Texas A&M University  |b College Station  |c Sterling C. Evans Library  |d Evans: Library Stacks  |e TP370 .F63  |h Library of Congress classification  |i unmediated -- volume  |k v.62:no.10-12  |l 2008:Oct.-Dec.  |m A14837309238  |p serial  |s Evans stk  |t 0 
952 f f |a Texas A&M University  |b Rellis Campus  |c Joint Library Facility  |d Remote Storage  |e TP370 .F63  |h Library of Congress classification  |i unmediated -- volume  |k v.22:no.1-6  |l 1968:Jan.-June  |m A14817889137  |p ric  |s JLF  |t 0 
952 f f |a Texas A&M University  |b Rellis Campus  |c Joint Library Facility  |d Remote Storage  |e TP370 .F63  |h Library of Congress classification  |i unmediated -- volume  |k v.46:no.10-12  |l 1992:Oct.-Dec.  |m A14816143651  |p ric  |s JLF  |t 0 
952 f f |a Texas A&M University  |b Rellis Campus  |c Joint Library Facility  |d Remote Storage  |e TP370 .F63  |h Library of Congress classification  |i unmediated -- volume  |k v.46:no.1-3  |l 1992:Jan.-Mar.  |m A14815689840  |p ric  |s JLF  |t 0 
952 f f |a Texas A&M University  |b Rellis Campus  |c Joint Library Facility  |d Remote Storage  |e TP370 .F63  |h Library of Congress classification  |i unmediated -- volume  |k v.13  |l 1959  |m A14817889640  |p ric  |s JLF  |t 0 
952 f f |a Texas A&M University  |b Rellis Campus  |c Joint Library Facility  |d Remote Storage  |e TP370 .F63  |h Library of Congress classification  |i unmediated -- volume  |k v.42:no.1-3  |l 1988:Jan.-Mar.  |m A14811721616  |p ric  |s JLF  |t 0 
952 f f |a Texas A&M University  |b Rellis Campus  |c Joint Library Facility  |d Remote Storage  |e TP370 .F63  |h Library of Congress classification  |i unmediated -- volume  |k v.51:no.1,3  |l 1997:Jan.,Mar.  |m A14821970178  |p ric  |s JLF  |t 0 
952 f f |a Texas A&M University  |b College Station  |c Sterling C. Evans Library  |d Evans: Library Stacks  |e TP370 .F63  |h Library of Congress classification  |i unmediated -- volume  |k v.66:no.4-6  |l 2012:Apr.-June  |m A14841639433  |p serial  |s Evans stk  |t 0 
952 f f |a Texas A&M University  |b College Station  |c Sterling C. Evans Library  |d Evans: Library Stacks  |e TP370 .F63  |h Library of Congress classification  |i unmediated -- volume  |k v.67:no.7-9  |l 2013:July-Sept.  |m A14842322779  |p serial  |s Evans stk  |t 0 
952 f f |a Texas A&M University  |b Rellis Campus  |c Joint Library Facility  |d Remote Storage  |e TP370 .F63  |h Library of Congress classification  |i unmediated -- volume  |k v.31:no.7-8  |l 1978:July-Aug.  |m A14817890235  |p ric  |s JLF  |t 0 
952 f f |a Texas A&M University  |b Rellis Campus  |c Joint Library Facility  |d Remote Storage  |e TP370 .F63  |h Library of Congress classification  |i unmediated -- volume  |k v.57:no.10-12  |l 2003:Oct.-Dec.  |m A14832205057  |p ric  |s JLF  |t 0 
952 f f |a Texas A&M University  |b College Station  |c Sterling C. Evans Library  |d Evans: Library Stacks  |e TP370 .F63  |h Library of Congress classification  |i unmediated -- volume  |k v.64:no.10-12  |l 2010:Oct.-Dec.  |m A14841290027  |p serial  |s Evans stk  |t 0 
952 f f |a Texas A&M University  |b Rellis Campus  |c Joint Library Facility  |d Remote Storage  |e TP370 .F63  |h Library of Congress classification  |i unmediated -- volume  |k v.45:no.10-12  |l 1991:Oct.-Dec.  |m A14815586636  |p ric  |s JLF  |t 0 
952 f f |a Texas A&M University  |b Rellis Campus  |c Joint Library Facility  |d Remote Storage  |e TP370 .F63  |h Library of Congress classification  |i unmediated -- volume  |k v.55:no.7-9  |l 2001:July-Sept.  |m A14828587421  |p ric  |s JLF  |t 0 
952 f f |a Texas A&M University  |b Rellis Campus  |c Joint Library Facility  |d Remote Storage  |e TP370 .F63  |h Library of Congress classification  |i unmediated -- volume  |k v.30:no.9-12  |l 1976:Sept.-Dec.  |m A14817890146  |p ric  |s JLF  |t 0 
952 f f |a Texas A&M University  |b Rellis Campus  |c Joint Library Facility  |d Remote Storage  |e TP370 .F63  |h Library of Congress classification  |i unmediated -- volume  |k v.61:no.10-12  |l 2007:Oct.-Dec.  |m A14837119609  |p ric  |s JLF  |t 0 
952 f f |a Texas A&M University  |b Rellis Campus  |c Joint Library Facility  |d Remote Storage  |e TP370 .F63  |h Library of Congress classification  |i unmediated -- volume  |k v.41:no.1-4  |l 1987:Jan.-Apr.  |m A14811434413  |p ric  |s JLF  |t 0 
952 f f |a Texas A&M University  |b Rellis Campus  |c Joint Library Facility  |d Remote Storage  |e TP370 .F63  |h Library of Congress classification  |i unmediated -- volume  |k v.42:no.10-12  |l 1988:Oct.-Dec.  |m A14811720490  |p ric  |s JLF  |t 0 
952 f f |a Texas A&M University  |b Rellis Campus  |c Joint Library Facility  |d Remote Storage  |e TP370 .F63  |h Library of Congress classification  |i unmediated -- volume  |k v.30:no.5-8  |l 1976:May-Aug.  |m A14817890188  |p ric  |s JLF  |t 0 
952 f f |a Texas A&M University  |b Rellis Campus  |c Joint Library Facility  |d Remote Storage  |e TP370 .F63  |h Library of Congress classification  |i unmediated -- volume  |k v.31:no.9-12  |l 1977:Sept.-Dec.  |m A14817890243  |p ric  |s JLF  |t 0 
952 f f |a Texas A&M University  |b Rellis Campus  |c Joint Library Facility  |d Remote Storage  |e TP370 .F63  |h Library of Congress classification  |i unmediated -- volume  |k v.44:no.7-9  |l 1990:July-Sept.  |m A14814356363  |p ric  |s JLF  |t 0 
952 f f |a Texas A&M University  |b Rellis Campus  |c Joint Library Facility  |d Remote Storage  |e TP370 .F63  |h Library of Congress classification  |i unmediated -- volume  |k v.56:no.1-3  |l 2002:Jan.-Mar.  |m A14829296633  |p ric  |s JLF  |t 0 
952 f f |a Texas A&M University  |b Rellis Campus  |c Joint Library Facility  |d Remote Storage  |e TP370 .F63  |h Library of Congress classification  |i unmediated -- volume  |k v.50:no.10-12  |l 1996:Oct.-Dec.  |m A14821029676  |p ric  |s JLF  |t 0 
952 f f |a Texas A&M University  |b College Station  |c Sterling C. Evans Library  |d Evans: Library Stacks  |e TP370 .F63  |h Library of Congress classification  |i unmediated -- volume  |k v.66:no.1-3  |l 2012:Jan.-Mar.  |m A14841639475  |p serial  |s Evans stk  |t 0 
952 f f |a Texas A&M University  |b Rellis Campus  |c Joint Library Facility  |d Remote Storage  |e TP370 .F63  |h Library of Congress classification  |i unmediated -- volume  |k v.39:no.1-4  |l 1985:Jan.-Apr.  |m A14817889268  |p ric  |s JLF  |t 0 
952 f f |a Texas A&M University  |b Rellis Campus  |c Joint Library Facility  |d Remote Storage  |e TP370 .F63  |h Library of Congress classification  |i unmediated -- volume  |k v.52:no.1-3  |l 1998:Jan.-Mar.  |m A14823628971  |p ric  |s JLF  |t 0 
952 f f |a Texas A&M University  |b Rellis Campus  |c Joint Library Facility  |d Remote Storage  |e TP370 .F63  |h Library of Congress classification  |i unmediated -- volume  |k v.20:no.7-9  |l 1966:July-Sept.  |m A14817889187  |p ric  |s JLF  |t 0 
952 f f |a Texas A&M University  |b Rellis Campus  |c Joint Library Facility  |d Remote Storage  |e TP370 .F63  |h Library of Congress classification  |i unmediated -- volume  |k v.34:no.9-12  |l 1980:Sept.-Dec.  |m A14817889373  |p ric  |s JLF  |t 0 
952 f f |a Texas A&M University  |b College Station  |c Sterling C. Evans Library  |d Evans: Library Stacks  |e TP370 .F63  |h Library of Congress classification  |i unmediated -- volume  |k v.62:no.7-9  |l 2008:July-Sept.  |m A14837309199  |p serial  |s Evans stk  |t 0 
952 f f |a Texas A&M University  |b College Station  |c Sterling C. Evans Library  |d Evans: Library Stacks  |e TP370 .F63  |h Library of Congress classification  |i unmediated -- volume  |k v.68:no.1-3  |l 2014:Jan.-Mar.  |m A14850117962  |p serial  |s Evans stk  |t 0 
952 f f |a Texas A&M University  |b Rellis Campus  |c Joint Library Facility  |d Remote Storage  |e TP370 .F63  |h Library of Congress classification  |i unmediated -- volume  |k v.54:no.4-6  |l 2000:Apr.-June  |m A14827250657  |p ric  |s JLF  |t 0 
952 f f |a Texas A&M University  |b Rellis Campus  |c Joint Library Facility  |d Remote Storage  |e TP370 .F63  |h Library of Congress classification  |i unmediated -- volume  |k v.5  |l 1951  |m A14817890950  |p ric  |s JLF  |t 0 
952 f f |a Texas A&M University  |b Rellis Campus  |c Joint Library Facility  |d Remote Storage  |e TP370 .F63  |h Library of Congress classification  |i unmediated -- volume  |k v.3  |l 1949  |m A14817889496  |p ric  |s JLF  |t 0 
952 f f |a Texas A&M University  |b Rellis Campus  |c Joint Library Facility  |d Remote Storage  |e TP370 .F63  |h Library of Congress classification  |i unmediated -- volume  |k v.26:no.1-4  |l 1972:Jan.-Apr.  |m A14817889218  |p ric  |s JLF  |t 0 
952 f f |a Texas A&M University  |b Rellis Campus  |c Joint Library Facility  |d Remote Storage  |e TP370 .F63  |h Library of Congress classification  |i unmediated -- volume  |k v.18:no.1-6  |l 1964:Jan.-June  |m A14817889153  |p ric  |s JLF  |t 0 
952 f f |a Texas A&M University  |b College Station  |c Sterling C. Evans Library  |d Evans: Library Stacks  |e TP370 .F63  |h Library of Congress classification  |i unmediated -- volume  |k v.67:no.1-3  |l 2013:Jan.-Mar.  |m A14842322753  |p serial  |s Evans stk  |t 0 
952 f f |a Texas A&M University  |b College Station  |c Sterling C. Evans Library  |d Evans: Library Stacks  |e TP370 .F63  |h Library of Congress classification  |i unmediated -- volume  |k v.64:no.7-9  |l 2010:July-Sept.  |m A14841290035  |p serial  |s Evans stk  |t 0 
952 f f |a Texas A&M University  |b Rellis Campus  |c Joint Library Facility  |d Remote Storage  |e TP370 .F63  |h Library of Congress classification  |i unmediated -- volume  |k v.46:no.7-9  |l 1992:July-Sept.  |m A14816111557  |p ric  |s JLF  |t 0 
952 f f |a Texas A&M University  |b Rellis Campus  |c Joint Library Facility  |d Remote Storage  |e TP370 .F63  |h Library of Congress classification  |i unmediated -- volume  |k v.32:no.5-8  |l 1978:May-Aug.  |m A14817890340  |p ric  |s JLF  |t 0 
952 f f |a Texas A&M University  |b Rellis Campus  |c Joint Library Facility  |d Remote Storage  |e TP370 .F63  |h Library of Congress classification  |i unmediated -- volume  |k v.53:no.4-6  |l 1999:Apr.-June  |m A14824932797  |p ric  |s JLF  |t 0 
952 f f |a Texas A&M University  |b College Station  |c Sterling C. Evans Library  |d Evans: Library Stacks  |e TP370 .F63  |h Library of Congress classification  |i unmediated -- volume  |k v.47:no.7-9  |l 1993:July-Sept.  |m A14817916691  |p serial  |s Evans stk  |t 0 
952 f f |a Texas A&M University  |b Rellis Campus  |c Joint Library Facility  |d Remote Storage  |e TP370 .F63  |h Library of Congress classification  |i unmediated -- volume  |k v.57:no.1-3  |l 2003:Jan.-Mar.  |m A14830935266  |p ric  |s JLF  |t 0 
952 f f |a Texas A&M University  |b College Station  |c Sterling C. Evans Library  |d Evans: Library Stacks  |e TP370 .F63  |h Library of Congress classification  |i unmediated -- volume  |k v.61:no.1-3  |l 2007:Jan.-Mar.  |m A14835111956  |p serial  |s Evans stk  |t 0 
952 f f |a Texas A&M University  |b College Station  |c Sterling C. Evans Library  |d Evans: Library Stacks  |e TP370 .F63  |h Library of Congress classification  |i unmediated -- volume  |k v.70:no.10-12  |l 2016:Oct.-Dec.  |m A14850363913  |p serial  |s Evans stk  |t 0 
952 f f |a Texas A&M University  |b Rellis Campus  |c Joint Library Facility  |d Remote Storage  |e TP370 .F63  |h Library of Congress classification  |i unmediated -- volume  |k v.44:no.1-4  |l 1990:Jan.-Apr.  |m A14814363946  |p ric  |s JLF  |t 0 
952 f f |a Texas A&M University  |b Rellis Campus  |c Joint Library Facility  |d Remote Storage  |e TP370 .F63  |h Library of Congress classification  |i unmediated -- volume  |k v.21:no.1-6  |l 1967:Jan.-June  |m A14817889145  |p ric  |s JLF  |t 0 
952 f f |a Texas A&M University  |b College Station  |c Sterling C. Evans Library  |d Evans: Library Stacks  |e TP370 .F63  |h Library of Congress classification  |i unmediated -- volume  |k v.63:no.1-3  |l 2009:Jan.-Mar.  |m A14838828811  |p serial  |s Evans stk  |t 0 
952 f f |a Texas A&M University  |b Rellis Campus  |c Joint Library Facility  |d Remote Storage  |e TP370 .F63  |h Library of Congress classification  |i unmediated -- volume  |k v.58:no.1-4  |l 2004:Jan.-Apr.  |m A14832205015  |p ric  |s JLF  |t 0 
952 f f |a Texas A&M University  |b Rellis Campus  |c Joint Library Facility  |d Remote Storage  |e TP370 .F63  |h Library of Congress classification  |i unmediated -- volume  |k v.6  |l 1952  |m A14817891053  |p ric  |s JLF  |t 0 
952 f f |a Texas A&M University  |b Rellis Campus  |c Joint Library Facility  |d Remote Storage  |e TP370 .F63  |h Library of Congress classification  |i unmediated -- volume  |k v.37:no.9-12  |l 1983:Sept.-Dec.  |m A14817889349  |p ric  |s JLF  |t 0 
952 f f |a Texas A&M University  |b Rellis Campus  |c Joint Library Facility  |d Remote Storage  |e TP370 .F63  |h Library of Congress classification  |i unmediated -- volume  |k v.52:no.4-6  |l 1998:Apr.-June  |m A14823629024  |p ric  |s JLF  |t 0 
952 f f |a Texas A&M University  |b Rellis Campus  |c Joint Library Facility  |d Remote Storage  |e TP370 .F63  |h Library of Congress classification  |i unmediated -- volume  |k v.35:no.1-4  |l 1981:Jan.-Apr.  |m A14813058700  |p ric  |s JLF  |t 0 
952 f f |a Texas A&M University  |b College Station  |c Sterling C. Evans Library  |d Evans: Library Stacks  |e TP370 .F63  |h Library of Congress classification  |i unmediated -- volume  |k v.65:no.10-12  |l 2011:Oct.-Dec.  |m A14841289987  |p serial  |s Evans stk  |t 0 
952 f f |a Texas A&M University  |b Rellis Campus  |c Joint Library Facility  |d Remote Storage  |e TP370 .F63  |h Library of Congress classification  |i unmediated -- volume  |k v.39:no.9-12  |l 1985:Sept.-Dec.  |m A14817889438  |p ric  |s JLF  |t 0 
952 f f |a Texas A&M University  |b Rellis Campus  |c Joint Library Facility  |d Remote Storage  |e TP370 .F63  |h Library of Congress classification  |i unmediated -- volume  |k v.39:no.5-8  |l 1985:May-Aug.  |m A14817889200  |p ric  |s JLF  |t 0 
952 f f |a Texas A&M University  |b Rellis Campus  |c Joint Library Facility  |d Remote Storage  |e TP370 .F63  |h Library of Congress classification  |i unmediated -- volume  |k v.59:no.1-4  |l 2005:Jan.-Apr.  |m A14832837862  |p ric  |s JLF  |t 0 
952 f f |a Texas A&M University  |b Rellis Campus  |c Joint Library Facility  |d Remote Storage  |e TP370 .F63  |h Library of Congress classification  |i unmediated -- volume  |k v.37:no.5-8  |l 1983:May-Aug.  |m A14817889315  |p ric  |s JLF  |t 0 
952 f f |a Texas A&M University  |b Rellis Campus  |c Joint Library Facility  |d Remote Storage  |e TP370 .F63  |h Library of Congress classification  |i unmediated -- volume  |k v.53:no.7-9  |l 1999:July-Sept.  |m A14826414923  |p ric  |s JLF  |t 0 
952 f f |a Texas A&M University  |b Rellis Campus  |c Joint Library Facility  |d Remote Storage  |e TP370 .F63  |h Library of Congress classification  |i unmediated -- volume  |k v.29:no.9-12  |l 1975:Sept.-Dec.  |m A14817890120  |p ric  |s JLF  |t 0 
952 f f |p ric  |a Texas A&M University  |b Rellis Campus  |c Joint Library Facility  |s JLF  |d Remote Storage  |t 0  |e TP370 .F63  |h Library of Congress classification  |i unmediated -- volume  |k 1996:Jan.:Suppl.  |m A14819579681 
952 f f |a Texas A&M University  |b College Station  |c Sterling C. Evans Library  |d Evans: Library Stacks  |e TP370 .F63  |h Library of Congress classification  |i unmediated -- volume  |k v.67:no.10-12  |l 2013:Oct.-Dec.  |m A14842322787  |p serial  |s Evans stk  |t 0 
952 f f |a Texas A&M University  |b Rellis Campus  |c Joint Library Facility  |d Remote Storage  |e TP370 .F63  |h Library of Congress classification  |i unmediated -- volume  |k v.35:no.5-8  |l 1981:May-Aug.  |m A14813893663  |p ric  |s JLF  |t 0 
952 f f |a Texas A&M University  |b College Station  |c Sterling C. Evans Library  |d Evans: Library Stacks  |e TP370 .F63  |h Library of Congress classification  |i unmediated -- volume  |k v.68:no.7-9  |l 2014:July-Sept.  |m A14850363822  |p serial  |s Evans stk  |t 0 
952 f f |a Texas A&M University  |b Rellis Campus  |c Joint Library Facility  |d Remote Storage  |e TP370 .F63  |h Library of Congress classification  |i unmediated -- volume  |k v.22:no.7-12  |l 1968:July-Dec.  |m A14812160546  |p ric  |s JLF  |t 0 
952 f f |a Texas A&M University  |b Rellis Campus  |c Joint Library Facility  |d Remote Storage  |e TP370 .F63  |h Library of Congress classification  |i unmediated -- volume  |k v.40:no.1-4  |l 1986:Jan.-Apr.  |m A14813913138  |p ric  |s JLF  |t 0 
952 f f |a Texas A&M University  |b College Station  |c Sterling C. Evans Library  |d Evans: Library Stacks  |e TP370 .F63  |h Library of Congress classification  |i unmediated -- volume  |k v.70:no.7-9  |l 2016:July-Sept.  |m A14850363905  |p serial  |s Evans stk  |t 0 
952 f f |a Texas A&M University  |b Rellis Campus  |c Joint Library Facility  |d Remote Storage  |e TP370 .F63  |h Library of Congress classification  |i unmediated -- volume  |k v.14:no.7-12  |l 1960:July-Dec.  |m A14850068215  |p ric  |s JLF  |t 0 
952 f f |a Texas A&M University  |b Rellis Campus  |c Joint Library Facility  |d Remote Storage  |e TP370 .F63  |h Library of Congress classification  |i unmediated -- volume  |k v.52:no.10-12  |l 1998:Oct.-Dec.  |m A14824009235  |p ric  |s JLF  |t 0 
952 f f |a Texas A&M University  |b College Station  |c Sterling C. Evans Library  |d Evans: Library Stacks  |e TP370 .F63  |h Library of Congress classification  |i unmediated -- volume  |k v.63:no.4-6  |l 2009:Apr.-June  |m A14838828772  |p serial  |s Evans stk  |t 0 
952 f f |a Texas A&M University  |b College Station  |c Sterling C. Evans Library  |d Evans: Library Stacks  |e TP370 .F63  |h Library of Congress classification  |i unmediated -- volume  |k v.70:no.4-6  |l 2016:Apr.-June  |m A14850363897  |p serial  |s Evans stk  |t 0 
952 f f |a Texas A&M University  |b Rellis Campus  |c Joint Library Facility  |d Remote Storage  |e TP370 .F63  |h Library of Congress classification  |i unmediated -- volume  |k v.56:no.10-12  |l 2002:Oct.-Dec.  |m A14830935355  |p ric  |s JLF  |t 0 
952 f f |a Texas A&M University  |b Rellis Campus  |c Joint Library Facility  |d Remote Storage  |e TP370 .F63  |h Library of Congress classification  |i unmediated -- volume  |k v.45:no.1-3  |l 1991:Jan.-Mar.  |m A14815310920  |p ric  |s JLF  |t 0 
952 f f |a Texas A&M University  |b Rellis Campus  |c Joint Library Facility  |d Remote Storage  |e TP370 .F63  |h Library of Congress classification  |i unmediated -- volume  |k v.49:no.7-9  |l 1995:July-Sept.  |m A14819579704  |p ric  |s JLF  |t 0 
952 f f |a Texas A&M University  |b Rellis Campus  |c Joint Library Facility  |d Remote Storage  |e TP370 .F63  |h Library of Congress classification  |i unmediated -- volume  |k v.45:no.4-6  |l 1991:Apr.-June  |m A14819761416  |p ric  |s JLF  |t 0 
952 f f |a Texas A&M University  |b Rellis Campus  |c Joint Library Facility  |d Remote Storage  |e TP370 .F63  |h Library of Congress classification  |i unmediated -- volume  |k v.29:no.5-8  |l 1975:May-Aug.  |m A14817890170  |p ric  |s JLF  |t 0 
952 f f |a Texas A&M University  |b Rellis Campus  |c Joint Library Facility  |d Remote Storage  |e TP370 .F63  |h Library of Congress classification  |i unmediated -- volume  |k v.20:no.10-12  |l 1966:Oct.-Dec.  |m A14817889195  |p ric  |s JLF  |t 0 
952 f f |a Texas A&M University  |b Rellis Campus  |c Joint Library Facility  |d Remote Storage  |e TP370 .F63  |h Library of Congress classification  |i unmediated -- volume  |k v.32:no.9-12  |l 1978:Sept.-Dec.  |m A14816896864  |p ric  |s JLF  |t 0 
952 f f |a Texas A&M University  |b College Station  |c Sterling C. Evans Library  |d Evans: Library Stacks  |e TP370 .F63  |h Library of Congress classification  |i unmediated -- volume  |k v.64:no.1-3  |l 2010:Jan.-Mar.  |m A14839106814  |p serial  |s Evans stk  |t 0 
952 f f |a Texas A&M University  |b Rellis Campus  |c Joint Library Facility  |d Remote Storage  |e TP370 .F63  |h Library of Congress classification  |i unmediated -- volume  |k v.60:no.5-6  |l 2006:May-June  |m A14834665596  |p ric  |s JLF  |t 0 
952 f f |a Texas A&M University  |b Rellis Campus  |c Joint Library Facility  |d Remote Storage  |e TP370 .F63  |h Library of Congress classification  |i unmediated -- volume  |k v.42:no.4-6  |l 1988:Apr.-June  |m A14811721666  |p ric  |s JLF  |t 0 
952 f f |a Texas A&M University  |b College Station  |c Sterling C. Evans Library  |d Evans: Library Stacks  |e TP370 .F63  |h Library of Congress classification  |i unmediated -- volume  |k v.67:no.4-6  |l 2013:Apr.-June  |m A14842322761  |p serial  |s Evans stk  |t 0 
952 f f |a Texas A&M University  |b Rellis Campus  |c Joint Library Facility  |d Remote Storage  |e TP370 .F63  |h Library of Congress classification  |i unmediated -- volume  |k v.1  |l 1947  |m A14817889593  |p ric  |s JLF  |t 0 
952 f f |a Texas A&M University  |b Rellis Campus  |c Joint Library Facility  |d Remote Storage  |e TP370 .F63  |h Library of Congress classification  |i unmediated -- volume  |k v.30:no.1-4  |l 1976:Jan.-Apr.  |m A14817890138  |p ric  |s JLF  |t 0 
998 f f |a TP370 .F63  |s v.61-70 (2007-2016)  |t 0  |l Evans: Library Stacks 
998 f f |a TP370 .F63  |s v.5-60 (1951-2006)  |t 0  |l Remote Storage